Văn hoá làng Việt Nam : Trò chơi dân gian
Nội dung sách giới thiệu một số trò chơi dân gian tiêu biểu, độc đáo, giàu bản sắc được diễn ra trong các hội làng Việt xưa và nay
Zapisane w:
| Format: | Książka |
|---|---|
| Język: | Undetermined |
| Wydane: |
Hà Nội
Văn hóa Thông tin
2015
|
| Hasła przedmiotowe: | |
| Etykiety: |
Dodaj etykietę
Nie ma etykietki, Dołącz pierwszą etykiete!
|
| Thư viện lưu trữ: | Trung tâm Học liệu Trường Đại học Cần Thơ |
|---|
| LEADER | 00856nam a2200217Ia 4500 | ||
|---|---|---|---|
| 001 | CTU_206544 | ||
| 008 | 210402s9999 xx 000 0 und d | ||
| 020 | |c 54000 | ||
| 082 | |a 390.09597 | ||
| 082 | |b V115 | ||
| 245 | 0 | |a Văn hoá làng Việt Nam : | |
| 245 | 0 | |b Trò chơi dân gian | |
| 245 | 0 | |c Vũ Kim Yến (biên soạn) | |
| 260 | |a Hà Nội | ||
| 260 | |b Văn hóa Thông tin | ||
| 260 | |c 2015 | ||
| 520 | |a Nội dung sách giới thiệu một số trò chơi dân gian tiêu biểu, độc đáo, giàu bản sắc được diễn ra trong các hội làng Việt xưa và nay | ||
| 650 | |a Folklore,Văn hoá,Văn hoá dân gian,Cultural | ||
| 650 | |z Vietnam,Việt Nam,Việt Nam,Vietnam | ||
| 904 | |i Qhieu | ||
| 980 | |a Trung tâm Học liệu Trường Đại học Cần Thơ | ||